[Event "Belgrade Trophy 23rd"]
[Site "Obrenovac"]
[Date "2010.11.25"]
[Round "2"]
[White "Grujicic, Zoran"]
[Black "Djordjevic, Vuk D"]
[Result "1/2-1/2"]
[WhiteElo "2053"]
[BlackElo "1826"]
[PlyCount "37"]
[EventDate "2010.11.24"]
[EventType "swiss"]
[EventRounds "9"]
[EventCountry "YUG"]
[SourceTitle "CBM 139 Extra"]
[Source "ChessBase"]
[SourceDate "2011.01.05"]
[SourceVersion "1"]
[SourceVersionDate "2011.01.05"]
[SourceQuality "1"]

1. Nf3 d5 2. d4 Nf6 3. Bf4 c6 4. e3 Bf5 5. h3 e6 6. Be2 Bd6 7. Be5 Bxe5 8. Nxe5 Nbd7 9. Nf3 Qb6 10. b3 Ne4 11. 0-0 Rc8 12. Nfd2 Ndf6 13. Nxe4 Nxe4 14. Bd3 c5 15. dxc5 Qxc5 16. a4 0-0 17. Na3 Nc3 18. Qd2 Bxd3 19. Qxd3 1/2-1/2

[Event "Belgrade Trophy 23rd"]
[Site "Obrenovac"]
[Date "2010.11.24"]
[Round "1"]
[White "Pikula, Dejan"]
[Black "Grujicic, Zoran"]
[Result "1-0"]
[WhiteElo "2533"]
[BlackElo "2053"]
[PlyCount "71"]
[EventDate "2010.11.24"]
[EventType "swiss"]
[EventRounds "9"]
[EventCountry "YUG"]
[SourceTitle "CBM 139 Extra"]
[Source "ChessBase"]
[SourceDate "2011.01.05"]
[SourceVersion "1"]
[SourceVersionDate "2011.01.05"]
[SourceQuality "1"]

1. e4 c6 2. d4 d5 3. f3 g6 4. Nc3 e6 5. Be3 Bg7 6. Qd2 a6 7. 0-0-0 b5 8. Kb1 Nd7 9. h4 h5 10. Bg5 Bf6 11. Nh3 Bb7 12. e5 Bxg5 13. Nxg5 Qe7 14. Qf4 Nh6 15. g4 0-0-0 16. gxh5 gxh5 17. Bd3 Rdf8 18. Nh7 Ng8 19. Rhg1 c5 20. Rg7 c4 21. Nxf8 Qxf8 22. Rxf7 Qd8 23. Bh7 Ne7 24. Rg1 Nc6 25. Rgg7 Ncb8 26. Ne2 Bc6 27. Qg5 Qa5 28. c3 b4 29. Rg8+ Rxg8 30. Bxg8 Ba4 31. cxb4 Qxb4 32. Nc3 Bc6 33. Rf4 Nb6 34. Bxe6+ N8d7 35. Qh6 Na4 36. Qf8+ 1-0

[Event "Valjevo op"]
[Site "Valjevo"]
[Date "2010.11.08"]
[Round "1"]
[White "Grujicic, Zoran"]
[Black "Stojanovic, Dobrisav"]
[Result "0-1"]
[WhiteElo "2053"]
[BlackElo "2340"]
[PlyCount "60"]
[EventDate "2010.11.08"]
[EventType "swiss"]
[EventRounds "9"]
[EventCountry "YUG"]
[SourceTitle "EXT 2011"]
[Source "ChessBase"]
[SourceDate "2010.11.26"]
[SourceVersion "1"]
[SourceVersionDate "2010.11.26"]
[SourceQuality "1"]

1. c4 Nf6 2. Nc3 e6 3. d4 d5 4. cxd5 exd5 5. Nf3 Be7 6. g3 c6 7. Bg2 0-0 8. 0-0 Bf5 9. Nh4 Bg4 10. h3 Be6 11. Nf3 Nbd7 12. Bf4 Nh5 13. Be3 f5 14. Bf4 g5 15. Bd2 h6 16. Nh2 Qe8 17. e3 Bd6 18. Ne2 Ndf6 19. f4 Kh8 20. Nf3 Ne4 21. Be1 Rg8 22. Ne5 gxf4 23. gxf4 Bxe5 24. dxe5 Qg6 25. Ng3 Nexg3 26. Rf3 Rg7 27. Bxg3 Nxg3 28. Rc1 Rag8 29. Rc2 Ne4 30. Kh2 d4 0-1

[Event "Belgrade op"]
[Site "Belgrade"]
[Date "2009.12.01"]
[Round "8"]
[White "Vujacic, Igor"]
[Black "Grujicic, Zoran"]
[Result "1/2-1/2"]
[WhiteElo "2228"]
[BlackElo "2055"]
[PlyCount "71"]
[EventDate "2009.11.24"]
[EventType "swiss"]
[EventRounds "9"]
[EventCountry "YUG"]
[SourceTitle "CBM 133 Extra"]
[Source "ChessBase"]
[SourceDate "2010.01.05"]
[SourceVersion "1"]
[SourceVersionDate "2010.01.05"]
[SourceQuality "1"]

1. e4 c6 2. d4 d5 3. Nc3 dxe4 4. Nxe4 Bf5 5. Ng3 Bg6 6. h4 h6 7. Nf3 Nf6 8. h5 Bh7 9. Bd3 Bxd3 10. Qxd3 e6 11. Bd2 Bd6 12. Ne4 Nxe4 13. Qxe4 Nd7 14. 0-0-0 Nf6 15. Qe2 Qc7 16. Ne5 0-0-0 17. Rh3 Rhf8 18. Rb3 Bxe5 19. dxe5 Nd5 20. c4 Ne7 21. f4 Nf5 22. Be3 Rxd1+ 23. Kxd1 Rd8+ 24. Rd3 Rxd3+ 25. Qxd3 Nxe3+ 26. Qxe3 Qa5 27. Qg3 Qd8+ 28. Kc2 Qd4 29. Kb3 b6 30. a3 Kb7 31. a4 a5 32. Qf3 Kc7 33. Qg3 Kb7 34. Qf3 Kc7 35. Qg3 Kb7 36. Qf3 1/2-1/2

[Event "Belgrade op"]
[Site "Belgrade"]
[Date "2009.11.30"]
[Round "7"]
[White "Grujicic, Zoran"]
[Black "Nikolic, Dragoljub"]
[Result "1/2-1/2"]
[WhiteElo "2055"]
[BlackElo "2289"]
[PlyCount "31"]
[EventDate "2009.11.24"]
[EventType "swiss"]
[EventRounds "9"]
[EventCountry "YUG"]
[SourceTitle "CBM 133 Extra"]
[Source "ChessBase"]
[SourceDate "2010.01.05"]
[SourceVersion "1"]
[SourceVersionDate "2010.01.05"]
[SourceQuality "1"]

1. Nf3 Nf6 2. d4 e6 3. Bg5 c5 4. e3 b6 5. c3 Bb7 6. Nbd2 Be7 7. Bd3 0-0 8. 0-0 d5 9. Qe2 Nc6 10. Ba6 Bxa6 11. Qxa6 h6 12. Bf4 Qc8 13. Qd3 Rd8 14. Rac1 Qb7 15. h3 Rac8 16. Bg3 1/2-1/2

[Event "Belgrade op"]
[Site "Belgrade"]
[Date "2009.11.27"]
[Round "4"]
[White "Arsic, Djordje"]
[Black "Grujicic, Zoran"]
[Result "1-0"]
[WhiteElo "1771"]
[BlackElo "2055"]
[PlyCount "47"]
[EventDate "2009.11.24"]
[EventType "swiss"]
[EventRounds "9"]
[EventCountry "YUG"]
[SourceTitle "CBM 133 Extra"]
[Source "ChessBase"]
[SourceDate "2010.01.05"]
[SourceVersion "1"]
[SourceVersionDate "2010.01.05"]
[SourceQuality "1"]

1. e4 d5 2. exd5 Qxd5 3. Nc3 Qd6 4. Nf3 Nf6 5. d4 a6 6. Be2 e6 7. Be3 Be7 8. h3 b5 9. a3 Bb7 10. 0-0 Nbd7 11. Qd2 Nb6 12. Bf4 Qd8 13. Rad1 0-0 14. Rfe1 Nbd5 15. Nxd5 Nxd5 16. Bg3 c5 17. dxc5 Bxc5 18. c3 Bd6 19. Bxd6 Qxd6 20. Qc2 h6 21. Nd4 Qf4 22. Bf3 Qd6 23. c4 bxc4 24. Qxc4 1-0

[Event "Belgrade Trophy 21st"]
[Site "Obrenovac"]
[Date "2008.11.30"]
[Round "4"]
[White "Grujicic, Zoran"]
[Black "Maric, Sinisa"]
[Result "1-0"]
[WhiteElo "2066"]
[BlackElo "1908"]
[PlyCount "30"]
[EventDate "2008.11.27"]
[EventType "swiss"]
[EventRounds "9"]
[EventCountry "YUG"]
[SourceTitle "CBM 127 Extra"]
[Source "ChessBase"]
[SourceDate "2009.01.08"]
[SourceVersion "2"]
[SourceVersionDate "2009.01.28"]
[SourceQuality "1"]

1. Nf3 Nf6 2. d4 g6 3. g3 c6 4. Bg2 Bg7 5. 0-0 d5 6. Nfd2 0-0 7. c4 Re8 8. h3 Nbd7 9. cxd5 cxd5 10. Nb3 b6 11. g4 Bb7 12. Bf4 Ne4 13. e3 Rc8 14. N1d2 Ndf6 15. Bh2 Nd6 1-0

[Event "Belgrade Trophy 21st"]
[Site "Obrenovac"]
[Date "2008.11.27"]
[Round "1"]
[White "Markovic, Miroslav"]
[Black "Grujicic, Zoran"]
[Result "1-0"]
[WhiteElo "2442"]
[BlackElo "2066"]
[PlyCount "53"]
[EventDate "2008.11.27"]
[EventType "swiss"]
[EventRounds "9"]
[EventCountry "YUG"]
[SourceTitle "CBM 127 Extra"]
[Source "ChessBase"]
[SourceDate "2009.01.08"]
[SourceVersion "2"]
[SourceVersionDate "2009.01.28"]
[SourceQuality "1"]

1. e4 c6 2. Nc3 d5 3. Nf3 e6 4. d4 dxe4 5. Nxe4 Nf6 6. Nxf6+ gxf6 7. g3 b6 8. Bg2 Bb7 9. 0-0 Qc7 10. c4 Nd7 11. Qa4 a6 12. Be3 b5 13. Qc2 bxc4 14. Nd2 Nb6 15. Nxc4 Nd5 16. Bd2 a5 17. a3 Be7 18. Rac1 0-0 19. Rfe1 Kh8 20. Qd1 Rg8 21. Qh5 Rg6 22. Be4 f5 23. Bxd5 cxd5 24. Ne5 Qb6 25. Nxf7+ Kg8 26. Ne5 Rg7 27. Bh6 1-0

[Event "Belgrade Winter op"]
[Site "Belgrade"]
[Date "2008.01.29"]
[Round "8"]
[White "Grujicic, Zoran"]
[Black "Jovicic, Radosav"]
[Result "1/2-1/2"]
[WhiteElo "2057"]
[BlackElo "2288"]
[PlyCount "63"]
[EventDate "2008.01.22"]
[EventType "swiss"]
[EventRounds "9"]
[EventCountry "YUG"]
[SourceTitle "CBM 122 Extra"]
[Source "ChessBase"]
[SourceDate "2008.03.04"]
[SourceVersion "1"]
[SourceVersionDate "2008.03.04"]
[SourceQuality "1"]

1. Nf3 Nf6 2. d4 g6 3. Bf4 Bg7 4. e3 0-0 5. Be2 d6 6. 0-0 Nfd7 7. c3 e5 8. Bg3 Nc6 9. Nbd2 Qe8 10. h3 f5 11. Bh2 e4 12. Ne1 Nf6 13. Nc2 h5 14. f4 exf3 15. Rxf3 Nd8 16. Kh1 Nf7 17. h4 b6 18. Bf4 Bb7 19. Rg3 Ng4 20. Kg1 Qe7 21. Bd3 c6 22. Rh3 d5 23. Nf1 Nd6 24. b3 Bf6 25. g3 Ne4 26. Bxe4 Qxe4 27. Qd2 a5 28. Nh2 a4 29. b4 a3 30. Nxg4 hxg4 31. Rh2 Bc8 32. Rd1 1/2-1/2

[Event "Belgrade Winter op"]
[Site "Belgrade"]
[Date "2008.01.28"]
[Round "7"]
[White "Lisicic, Nenad"]
[Black "Grujicic, Zoran"]
[Result "1/2-1/2"]
[WhiteElo "2157"]
[BlackElo "2057"]
[PlyCount "109"]
[EventDate "2008.01.22"]
[EventType "swiss"]
[EventRounds "9"]
[EventCountry "YUG"]
[SourceTitle "CBM 122 Extra"]
[Source "ChessBase"]
[SourceDate "2008.03.04"]
[SourceVersion "1"]
[SourceVersionDate "2008.03.04"]
[SourceQuality "1"]

1. c4 Nf6 2. Nf3 g6 3. g3 Bg7 4. Bg2 c6 5. 0-0 0-0 6. d4 d5 7. cxd5 cxd5 8. Nc3 e6 9. Ne5 Nbd7 10. Nd3 Nb6 11. e3 Bd7 12. b3 Re8 13. Bd2 Bc6 14. Rc1 Ne4 15. Be1 Rc8 16. Nxe4 dxe4 17. Nc5 f5 18. Ba5 Qe7 19. Qe2 Nd5 20. Bd2 b6 21. Na6 Qd7 22. a4 Bf8 23. f3 Nf6 24. Rfd1 Bd5 25. fxe4 Nxe4 26. Bxe4 Bxe4 27. Bb4 Bh6 28. Bd2 Bb7 29. Qb5 Bc6 30. Rxc6 Qxc6 31. Nb4 Qf3 32. Re1 Bf8 33. Nd3 Qc6 34. Qa6 Bd6 35. Rc1 Qd7 36. Rc4 Rc7 37. a5 Rb8 38. Kf2 h5 39. b4 Rxc4 40. Qxc4 Rc8 41. Qb3 h4 42. Ne1 hxg3+ 43. hxg3 Be7 44. Nf3 Bf6 45. Ne1 Qd5 46. Qa4 b5 47. Qd1 e5 48. dxe5 Bxe5 49. Qe2 Rd8 50. Nf3 Bf6 51. a6 g5 52. Nd4 Bxd4 53. exd4 Qxd4+ 54. Be3 Qe4 55. Qxb5 1/2-1/2

[Event "Belgrade Winter op"]
[Site "Belgrade"]
[Date "2008.01.27"]
[Round "6"]
[White "Grujicic, Zoran"]
[Black "Vucinic, Gojko"]
[Result "1-0"]
[WhiteElo "2057"]
[BlackElo "1850"]
[PlyCount "55"]
[EventDate "2008.01.22"]
[EventType "swiss"]
[EventRounds "9"]
[EventCountry "YUG"]
[SourceTitle "CBM 122 Extra"]
[Source "ChessBase"]
[SourceDate "2008.03.04"]
[SourceVersion "1"]
[SourceVersionDate "2008.03.04"]
[SourceQuality "1"]

1. Nf3 c5 2. c4 Nf6 3. Nc3 Nc6 4. e4 e5 5. d3 g6 6. Be2 Bg7 7. h3 d6 8. Bg5 h6 9. Be3 0-0 10. Qd2 Kh7 11. Nh2 Ne8 12. 0-0-0 a6 13. f4 exf4 14. Bxf4 b5 15. Nf3 Qa5 16. a3 b4 17. Nd5 bxa3 18. Qxa5 axb2+ 19. Kc2 Nxa5 20. e5 Nc6 21. exd6 Be6 22. Nc3 Rd8 23. Kxb2 Nxd6 24. Kc2 Nf5 25. Ne4 g5 26. Bc1 Nfd4+ 27. Nxd4 Nxd4+ 28. Kd2 1-0

[Event "Belgrade Winter op"]
[Site "Belgrade"]
[Date "2008.01.24"]
[Round "3"]
[White "Nestorovic, Lazar"]
[Black "Grujicic, Zoran"]
[Result "1-0"]
[WhiteElo "2234"]
[BlackElo "2057"]
[PlyCount "91"]
[EventDate "2008.01.22"]
[EventType "swiss"]
[EventRounds "9"]
[EventCountry "YUG"]
[SourceTitle "CBM 122 Extra"]
[Source "ChessBase"]
[SourceDate "2008.03.04"]
[SourceVersion "1"]
[SourceVersionDate "2008.03.04"]
[SourceQuality "1"]

1. e4 c6 2. d4 d5 3. Nc3 dxe4 4. Nxe4 Bf5 5. Ng3 Bg6 6. Nf3 Nd7 7. h4 h6 8. h5 Bh7 9. Bd3 Bxd3 10. Qxd3 Ngf6 11. Bf4 e6 12. 0-0-0 Be7 13. Kb1 Nd5 14. Bd2 Qc7 15. c4 N5f6 16. Ne4 0-0-0 17. Bc3 Nxe4 18. Qxe4 Bf6 19. Ne5 Nxe5 20. dxe5 Rxd1+ 21. Rxd1 Rd8 22. Rf1 Be7 23. f4 Qd7 24. Kc2 c5 25. b3 Qc6 26. Qxc6+ bxc6 27. g4 Rg8 28. Kd3 Kd7 29. Ke4 Rc8 30. Bd2 Rf8 31. Be3 a5 32. f5 Ra8 33. f6 gxf6 34. exf6 Bf8 35. Rd1+ Kc7 36. Bf4+ e5 37. Bxe5+ Kc8 38. a4 Ra7 39. Bf4 Rb7 40. Rd3 Ra7 41. g5 hxg5 42. Bxg5 Ra8 43. h6 Bxh6 44. Bxh6 Kc7 45. Bf4+ Kb6 46. Rd7 1-0

[Event "Belgrade Winter op"]
[Site "Belgrade"]
[Date "2008.01.23"]
[Round "2"]
[White "Grujicic, Zoran"]
[Black "Kojovic, Dragan"]
[Result "0-1"]
[WhiteElo "2057"]
[BlackElo "2444"]
[PlyCount "90"]
[EventDate "2008.01.22"]
[EventType "swiss"]
[EventRounds "9"]
[EventCountry "YUG"]
[SourceTitle "CBM 122 Extra"]
[Source "ChessBase"]
[SourceDate "2008.03.04"]
[SourceVersion "1"]
[SourceVersionDate "2008.03.04"]
[SourceQuality "1"]

1. Nf3 Nf6 2. d4 g6 3. c4 Bg7 4. Nc3 d5 5. e3 0-0 6. Qb3 e6 7. Be2 b6 8. cxd5 exd5 9. 0-0 c6 10. Qc2 Qd6 11. Rd1 Bf5 12. Bd3 Bxd3 13. Qxd3 Nbd7 14. Bd2 a5 15. Rac1 Rfe8 16. h3 Ne4 17. Be1 f5 18. Nd2 Bh6 19. Ncxe4 fxe4 20. Qe2 Qe6 21. Nf1 Bf8 22. a3 b5 23. Rc2 a4 24. Rdc1 Rac8 25. Qg4 Nb6 26. Qxe6+ Rxe6 27. Nd2 Kf7 28. Kf1 Ke8 29. Ke2 Kd7 30. Nb1 h5 31. Nc3 Nc4 32. Na2 g5 33. Bb4 Rf6 34. Nc3 Bxb4 35. axb4 Rcf8 36. Nd1 g4 37. hxg4 hxg4 38. g3 Rf3 39. Rc3 R8f6 40. R1c2 Rh6 41. Rc1 Rh2 42. b3 axb3 43. Rxb3 Rxg3 44. Ra1 Rf3 45. Ra7+ Kd6 0-1

[Event "SRB Central-ch"]
[Site "Vrnjacka Banja"]
[Date "2007.12.10"]
[Round "1"]
[White "Boskovic, Zlatomir"]
[Black "Grujicic, Zoran"]
[Result "1/2-1/2"]
[WhiteElo "2207"]
[BlackElo "2044"]
[PlyCount "121"]
[EventDate "2007.12.10"]
[EventType "swiss"]
[EventRounds "9"]
[EventCountry "YUG"]
[SourceTitle "CBM 121 Extra"]
[Source "ChessBase"]
[SourceDate "2008.01.10"]
[SourceVersion "1"]
[SourceVersionDate "2008.01.10"]
[SourceQuality "1"]

1. d4 f5 2. e4 fxe4 3. Nc3 Nf6 4. Bg5 e6 5. Bxf6 Qxf6 6. Nxe4 Qe7 7. Qd2 Nc6 8. Nf3 d6 9. Bb5 Bd7 10. 0-0 0-0-0 11. Rfe1 Qf7 12. Nfg5 Qh5 13. Bxc6 bxc6 14. Qa5 Re8 15. Ng3 Qg6 16. Qxa7 Kd8 17. N5e4 h5 18. Qb8+ Bc8 19. h3 h4 20. Nf1 Be7 21. Rad1 d5 22. Nc3 Rhf8 23. Ne3 Bd6 24. Qa8 e5 25. dxe5 Rxe5 26. Ng4 Rg5 27. f3 Qf7 28. Qxc6 Rxg4 29. hxg4 Qf4 30. Rxd5 Qh2+ 31. Kf2 Qg3+ 32. Ke2 Re8+ 33. Ne4 Rxe4+ 34. fxe4 Bxg4+ 35. Kd2 Qf4+ 36. Kc3 Qg3+ 37. Kc4 Qxe1 38. Rxd6+ cxd6 39. Qxd6+ Bd7 40. Qf8+ Kc7 41. Qc5+ Kd8 42. Qf8+ Kc7 43. Qc5+ Kd8 44. Qf8+ Kc7 45. Qxg7 Qxe4+ 46. Kb3 Kc6 47. Qh8 Be6+ 48. Ka3 Qe3+ 49. b3 Qc1+ 50. Kb4 Qd2+ 51. Ka3 Qc1+ 52. Ka4 Bd7 53. Qc3+ Kb6+ 54. Kb4 Qf4+ 55. Ka3 Bc6 56. Qg7 Qc1+ 57. Kb4 Qf4+ 58. c4 Qd2+ 59. Ka3 Qc1+ 60. Kb4 Qd2+ 61. Ka3 1/2-1/2

[Event "Belgrade Trophy 20th"]
[Site "Belgrade"]
[Date "2007.11.29"]
[Round "8"]
[White "Grujicic, Zoran"]
[Black "Mirkovic, Stevan"]
[Result "1/2-1/2"]
[WhiteElo "2044"]
[BlackElo "2250"]
[PlyCount "140"]
[EventDate "2007.11.22"]
[EventType "swiss"]
[EventRounds "9"]
[EventCountry "YUG"]
[SourceTitle "CBM 121 Extra"]
[Source "ChessBase"]
[SourceDate "2008.01.10"]
[SourceVersion "1"]
[SourceVersionDate "2008.01.10"]
[SourceQuality "1"]

1. Nf3 Nf6 2. d4 d5 3. g3 Bf5 4. Bg2 e6 5. Nbd2 Be7 6. 0-0 0-0 7. c4 c6 8. h3 Nbd7 9. Nh4 Be4 10. Nhf3 Bg6 11. Nh4 Re8 12. Nxg6 hxg6 13. e4 dxe4 14. Nxe4 Nxe4 15. Bxe4 e5 16. Bg2 exd4 17. Qxd4 Bf6 18. Qd2 Ne5 19. Qc2 Qd4 20. c5 Qd3 21. Qa4 Nf3+ 22. Bxf3 Qxf3 23. Qg4 Qxg4 24. hxg4 Bd4 25. Rb1 Bxc5 26. b4 Bb6 27. a4 Re4 28. a5 Bd4 29. g5 Rd8 30. Rb3 Rd5 31. a6 bxa6 32. Bf4 Rb5 33. Ra3 Bb6 34. Rc3 c5 35. bxc5 Rxc5 36. Rd3 Rc2 37. Be3 Bxe3 38. fxe3 Rg4 39. Rd8+ Kh7 40. Rxf7 Rxg3+ 41. Kf1 Rxg5 42. Rxa7 Ra5 43. Rd1 g5 44. Re1 Rf5+ 45. Kg1 Rff2 46. Rd1 Rg2+ 47. Kh1 Rge2 48. Rxa6 g4 49. Ra4 Rh2+ 50. Kg1 Rcg2+ 51. Kf1 Kh6 52. Rd5 Rb2 53. Ra6+ g6 54. Kg1 Rhg2+ 55. Kh1 Rge2 56. Ra1 g5 57. Rd8 g3 58. Rh8+ Kg6 59. Rh3 Rh2+ 60. Rxh2 Rxh2+ 61. Kg1 Kf5 62. Ra4 Re2 63. Rb4 g4 64. Rf4+ Kg5 65. Rf1 Ra2 66. e4 Kh4 67. Kh1 Kg5 68. Rf8 Re2 69. e5 Re1+ 70. Kg2 Re2+ 1/2-1/2

[Event "Belgrade Trophy 20th"]
[Site "Belgrade"]
[Date "2007.11.23"]
[Round "2"]
[White "Simic, Stefan"]
[Black "Grujicic, Zoran"]
[Result "1/2-1/2"]
[WhiteElo "1788"]
[BlackElo "2044"]
[PlyCount "88"]
[EventDate "2007.11.22"]
[EventType "swiss"]
[EventRounds "9"]
[EventCountry "YUG"]
[SourceTitle "CBM 121 Extra"]
[Source "ChessBase"]
[SourceDate "2008.01.10"]
[SourceVersion "1"]
[SourceVersionDate "2008.01.10"]
[SourceQuality "1"]

1. d4 d5 2. c4 c6 3. Nf3 Nf6 4. Nc3 e6 5. Bg5 Be7 6. e3 Nbd7 7. Bd3 b6 8. 0-0 Bb7 9. Qc2 Rc8 10. Rac1 h6 11. Bxf6 Nxf6 12. cxd5 exd5 13. Qe2 0-0 14. Ba6 Qc7 15. Bxb7 Qxb7 16. Ne5 Bd6 17. f4 a6 18. h4 c5 19. g4 Ne4 20. Nxe4 dxe4 21. g5 Bxe5 22. fxe5 cxd4 23. gxh6 Rxc1 24. Rxc1 f5 25. Qc4+ Kh8 26. Qxd4 gxh6 27. e6+ Qg7+ 28. Qxg7+ Kxg7 29. Rc6 Rb8 30. Rd6 Kf6 31. e7+ Kxe7 32. Rxh6 a5 33. Kf2 b5 34. Kg3 Rc8 35. Rb6 Rc5 36. Kf4 b4 37. h5 Kf7 38. Kg5 f4+ 39. Kxf4 Rxh5 40. Kxe4 Rh2 41. Ra6 b3 42. axb3 Rxb2 43. Rxa5 Rxb3 44. Ra6 Ke7 1/2-1/2

[Event "Belgrade Trophy 19th"]
[Site "Belgrade"]
[Date "2006.11.27"]
[Round "6"]
[White "Stojanovic, Marija R"]
[Black "Grujicic, Zoran"]
[Result "1-0"]
[WhiteElo "2185"]
[BlackElo "2010"]
[PlyCount "96"]
[EventDate "2006.11.22"]
[EventType "swiss"]
[EventRounds "9"]
[EventCountry "YUG"]
[SourceTitle "CBM 115 Extra"]
[Source "ChessBase"]
[SourceDate "2007.01.10"]
[SourceVersion "1"]
[SourceVersionDate "2007.01.10"]
[SourceQuality "1"]

1. e4 c6 2. d4 d5 3. Nd2 dxe4 4. Nxe4 Nf6 5. Ng3 e6 6. Nf3 Be7 7. Bd3 Nbd7 8. 0-0 0-0 9. b3 Re8 10. Bb2 b6 11. Ne5 Bb7 12. Re1 Nf8 13. c4 Qc7 14. Qc2 c5 15. Rad1 Rad8 16. dxc5 bxc5 17. Bc3 Ng6 18. Nxg6 hxg6 19. Bf1 Rxd1 20. Rxd1 Rd8 21. Rxd8+ Qxd8 22. Qd3 Qc7 23. a3 Qb6 24. Bd2 Qa6 25. b4 Qc6 26. b5 Qc7 27. Qb3 Bd6 28. a4 Nd7 29. a5 e5 30. Be2 f5 31. Nf1 e4 32. f3 Be5 33. fxe4 Bd4+ 34. Kh1 fxe4 35. Qg3 Ne5 36. Bf4 Kf7 37. a6 Ba8 38. h3 Qe7 39. Be3 Qe6 40. Bxd4 cxd4 41. Qf2+ Nf3 42. gxf3 exf3 43. Bxf3 Qxh3+ 44. Nh2 Qc8 45. Bxa8+ Ke7 46. Bd5 d3 47. c5 Qh3 48. Qf7+ Kd8 1-0